000 00482nam a2200169 i 4500
001 95147
003 ES-MaACL
005 20250823063049.0
007 t|
008 050524s1926 sp ||||1| spa d
100 1 _aLuis André, Eloy,
_d1876-1935
_974686
245 1 3 _aEl espíritu nuevo en la educación española /
_cEloy Luis André.
260 _aMadrid :
_bRivadeneyra,
_c1926.
300 _a72 p. ;
_c21 cm.
852 _aES-MaACL
_jF-5818
999 _c95147
_d95147